|
|
|
|
| LEADER |
02169nam a2200577 a 4500 |
| 001 |
nkc20081789310 |
| 003 |
CZ PrNK |
| 005 |
20090824153240.0 |
| 007 |
ta |
| 008 |
080129s2007 xr af e 000 0 cze |
| 015 |
|
|
|a cnb001789310
|
| 020 |
|
|
|a 978-80-254-1414-9
|q (brož.)
|z 978-80-254-1414-5
|
| 035 |
|
|
|a (OCoLC)432992046
|
| 040 |
|
|
|a OLA001
|b cze
|d ABA001
|
| 041 |
0 |
|
|a cze
|b ger
|
| 043 |
|
|
|a e-xr---
|
| 045 |
|
|
|a r-r-
|
| 072 |
|
7 |
|a 73
|x Sochařství, keramika, porcelán, umělecké zpracování kovů
|2 Konspekt
|9 21
|
| 080 |
|
|
|a 27-312.47-526.62/.64
|2 MRF
|
| 080 |
|
|
|a 730
|2 MRF
|
| 080 |
|
|
|a 730.033.5
|2 MRF
|
| 080 |
|
|
|a (437.3)
|2 MRF
|
| 080 |
|
|
|a (048.8)
|2 MRF
|
| 080 |
|
|
|a (084.12)
|2 MRF
|
| 100 |
1 |
|
|a Hlobil, Ivo,
|d 1942-2021
|7 jk01041313
|4 aut
|4 pht
|
| 245 |
1 |
0 |
|a Šternberská madona :
|b krásná socha krásného slohu /
|c Ivo Hlobil
|
| 260 |
|
|
|a Šternberk :
|b Městská kulturní zařízení - Galerie Šternberk,
|c 2007
|
| 300 |
|
|
|a 31 s., xx l. obr. příl. :
|b il. (některé barev.) ;
|c 21 cm
|
| 500 |
|
|
|a 300 výt.
|
| 504 |
|
|
|a Obsahuje bibliografii
|
| 546 |
|
|
|a Německé resumé
|
| 648 |
|
7 |
|a 14. století
|7 ch460552
|2 czenas
|
| 650 |
0 |
7 |
|a Šternberská madona
|7 ph525177
|2 czenas
|
| 650 |
0 |
7 |
|a sochařství
|7 ph125738
|z Česko
|y 14. století
|2 czenas
|
| 650 |
0 |
7 |
|a gotické sochařství
|7 ph120585
|z Česko
|2 czenas
|
| 650 |
0 |
7 |
|a madony
|7 ph170470
|z Česko
|y 14. století
|2 czenas
|
| 650 |
0 |
9 |
|a Madonna of Šternberk
|2 eczenas
|
| 650 |
0 |
9 |
|a sculpture
|z Czechia
|y 14th century
|2 eczenas
|
| 650 |
0 |
9 |
|a gothic sculpture
|z Czechia
|2 eczenas
|
| 650 |
0 |
9 |
|a Madonnas
|z Czechia
|y 14th century
|2 eczenas
|
| 655 |
|
7 |
|a studie
|7 fd133597
|2 czenas
|
| 655 |
|
7 |
|a fotografické publikace
|7 fd132276
|2 czenas
|
| 655 |
|
9 |
|a studies
|2 eczenas
|
| 655 |
|
9 |
|a photographical works
|2 eczenas
|
| 856 |
4 |
1 |
|u http://www.digitalniknihovna.cz/mzk/uuid/uuid:cdd97de0-d5d5-11e3-b110-005056827e51
|y Digitalizovaný dokument
|x NDK
|
| 910 |
2 |
|
|a BOA001
|b 2-1224.574
|
| 928 |
9 |
|
|a Galerie Šternberk
|
| 990 |
|
|
|a BK
|
| 995 |
|
|
|a 01
|
| 991 |
|
|
|b 200906
|c NOV
|
| 996 |
6 |
|
|b 2610380029
|c 2-1224.574
|l MZK
|r Sklad / do 1 hodiny
|n 13
|p p.v.
|w 000941092
|u 000010
|a 1
|e BOA001
|j MZK50
|s P
|